<The> Small BIG Small Changes that Spark BIG Influence
Guardado en:
| Autor principal: | |
|---|---|
| Otros Autores: | , |
| Formato: | Libro |
| Lenguaje: | inglés |
| Publicado: |
New York
Grand Central Publishing
2014
|
| Materias: | |
| Etiquetas: |
Sin Etiquetas, Sea el primero en etiquetar este registro!
|
MARC
| LEADER | 00000nam a2200000 4500 | ||
|---|---|---|---|
| 001 | 0259678 | ||
| 005 | 20240306140433.4 | ||
| 020 | |a 978-1-4555-8425-3 | ||
| 020 | |a 978-1-4555-8423-9 | ||
| 041 | 0 | |a eng | |
| 044 | |a US | ||
| 245 | 1 | 0 | |a <The> Small BIG |b Small Changes that Spark BIG Influence |c Steve J. Martin, Noah J. Goldstein, Robert B. Cialdini |
| 264 | 1 | |a New York |b Grand Central Publishing |c 2014 | |
| 300 | |a 268 s. | ||
| 610 | 2 | 0 | |a psychológia sociálna |
| 610 | 2 | 0 | |a ekonómia behaviorálna |
| 610 | 2 | 0 | |a informácie |
| 610 | 2 | 0 | |a správanie |
| 610 | 2 | 0 | |a zmeny štruktúrne |
| 100 | 1 | |a Martin, Steve J. | |
| 700 | 1 | |a Goldstein, Noah J. | |
| 700 | 1 | |a Cialdini, Robert B. | |